NRW nach Buchstabe - E - Statistiken

Allgemein
  • Dieses Quiz wurde 47 mal gespielt
  • Das Durchschnittsergebnis liegt bei 12 aus 20
Antwortstatistiken
Hinweis Antwort % Korrekt
Ruhrpottstadt mit Zeche Zollverein und Villa Hügel Essen
100%
Ein großes gläsenernes Exemplar dieses Tieres steht im Hammer Maximilianpark, ein anderes lebendes fiel aus der Wuppertaler Schwebebahn Elefant
95%
Fluss, der in der Nähe von Bielefeld quellt und über Rheine in die Nordsee fließt Ems
95%
Wird von den Kölner Haien, dem DEG, den Iserlohn Roosters und den Krefelder Pinguinen gespielt Eishockey
86%
Gebirgsregion im Südwesten von NRW Eifel
84%
Ort der zuerst mit Wanne vereinigt und dann in Herne eingemeindet wurde Eickel
81%
Allgemein Name des Bürgermeisters von Wesel Esel
67%
Fluss von Holzwickede durch den Ruhrpott in den Rhein Emscher
65%
Kommunistischer Theoretiker, der in Wuppertal geboren wurde (Das Kommunistische Manifest, Die Lage der arbeitenden Klassen in England) Friedrich Engels
63%
Nebenfluss der Volme durch Gevelsberg und Hagen, gibt zusammen mit Ruhr einem Landkreis seinen Namen Ennepe
60%
Kreisstadt im Rheinland am Nordrand des obigen Gebirges Euskirchen
58%
Fußballer, "Tiger", der von 87-90 und 94-98 für Borussia Mönchengladbach spielte Stefan Effenberg
58%
Linker Nebenfluss des Rheins, der u.a. über Grevenbroich und Neuss fließt Erft
53%
Spitzname von RWE-Legende Willi Lippens Ente
51%
Bekannte Sandstein-Felsformation im Teutoburger Wald Externsteine
44%
Stadt im Kreis Heinsberg am Rande des Rheinischen Braunkohlereviers Erkelenz
35%
Stadt im Kreis Steinfurt, dessen Handballverein TV 2014 in der Handball-Bundesliga spielte Emsdetten
33%
Stadt bei Aachen mit Blausteinsee, aus der Industriellenfamilie Thyssen stammt Eschweiler
26%
Teile des Neandertals befindet sich in dieser Stadt im Bergischen Land Erkrath
21%
Gebirgszug östlich von Paderborn Eggegebirge
12%
Keine übereinstimmenden Quizze gefunden
Verteilung der Resultate
Anzahl Personen mit jedem Resultat
Perzentil nach korrekt beantworteten Fragen
Ihre Resultats-Entwicklung
Sie haben dieses Quiz noch nicht gespielt